000 00313nam a22001337a 4500
008 171107b xxu||||| |||| 00| 0 eng d
020 _a9780130214584
041 _aeng
080 _23RD
_a330.722.6
100 _a62
101 _aKON
245 _aREADINGS IN MANAGEMENT ACCOUNTING
_cYOUNG,S.M
942 _2udc
_cBK
999 _c37993
_d37993